Looking back for the future president Harrison and the backlash of idealism in American politics /

Elmentve itt :
Bibliográfiai részletek
Szerző: Gherasim Gabriel C.
Dokumentumtípus: Cikk
Megjelent: 2012
Sorozat:Americana : E-Journal of American Studies in Hungary 8 No. 2
Kulcsszavak:William Henry Harrison, Amerikai Egyesült Államok története - 18-19. sz., Politika - USA - 18-19. sz.
Online Access:http://acta.bibl.u-szeged.hu/56601
LEADER 00773nab a2200169 i 4500
001 acta56601
005 20260224081030.0
008 190117s2012 hu o 000 hun d
022 |a 1787-4637 
040 |a SZTE Egyetemi Kiadványok Repozitórium  |b hun 
041 |a hun 
100 1 |a Gherasim Gabriel C. 
245 1 0 |a Looking back for the future   |h [elektronikus dokumentum] :  |b president Harrison and the backlash of idealism in American politics /  |c  Gherasim Gabriel C. 
260 |c 2012 
490 0 |a Americana : E-Journal of American Studies in Hungary  |v 8 No. 2 
695 |a William Henry Harrison, Amerikai Egyesült Államok története - 18-19. sz., Politika - USA - 18-19. sz. 
856 4 0 |u http://acta.bibl.u-szeged.hu/56601/2/americana_008_002_004/gherasim.html  |z Dokumentum-elérés